[Event "Chigorin Memorial 30th"]
[Site "St Petersburg"]
[Date "2023.10.27"]
[Round "7"]
[White "Shinkarov, Artem"]
[Black "Fedorov, Artem Alek"]
[Result "1-0"]
[WhiteElo "1916"]
[BlackElo "2053"]
[PlyCount "81"]
[EventDate "2023.10.21"]
[EventType "swiss"]
[EventRounds "9"]
[EventCountry "RUS"]
[SourceTitle "Mega2024 Update 01"]
[Source "Chessbase"]
[SourceDate "2023.11.12"]
[SourceVersion "1"]
[SourceVersionDate "2023.11.12"]
[SourceQuality "1"]

1. Nf3 d5 2. e3 Nf6 3. b3 c5 4. Bb2 Nc6 5. Bb5 e6 6. Ne5 Qc7 7. Bxc6+ bxc6 8. 0-0 Be7 9. d3 0-0 10. Nd2 Bd7 11. f4 Be8 12. Rf3 Rd8 13. Rg3 d4 14. e4 Nd7 15. Ndc4 Nxe5 16. fxe5 f5 17. exf6 Rxf6 18. Bc1 e5 19. Bd2 Qb8 20. Rg5 Bf7 21. Rxe5 Re8 22. Rxe7 Rxe7 23. Bg5 Bxc4 24. Bxf6 gxf6 25. bxc4 Rb7 26. a3 Kh8 27. Qf1 Kg7 28. h3 a6 29. Qd1 Qf4 30. Qh5 Rb2 31. Rf1 Qe3+ 32. Kh2 Rxc2 33. Rf3 Qd2 34. Rg3+ Kf8 35. Qxc5+ Kf7 36. Qf5 Rc1 37. Qd7+ Kf8 38. Qg7+ Ke8 39. Qxf6 Qe1 40. Rg8+ Kd7 41. Rg7+ 1-0

[Event "St Petersburg Korchnoi Memorial op"]
[Site "St Petersburg"]
[Date "2023.08.24"]
[Round "9"]
[White "Shinkarov, Artem"]
[Black "Dorashava, Viktoryia"]
[Result "1-0"]
[WhiteElo "1918"]
[BlackElo "1647"]
[PlyCount "111"]
[EventDate "2023.08.18"]
[EventType "swiss"]
[EventRounds "9"]
[EventCountry "RUS"]
[SourceTitle "EXT 2024"]
[Source "ChessBase"]
[SourceDate "2023.10.10"]
[SourceVersion "1"]
[SourceVersionDate "2023.10.10"]
[SourceQuality "1"]

1. d4 Nf6 2. c4 e6 3. Nc3 Bb4 4. e3 0-0 5. Bd3 c5 6. a3 Bxc3+ 7. bxc3 d6 8. Ne2 e5 9. e4 cxd4 10. cxd4 Re8 11. 0-0 Nbd7 12. f3 Nf8 13. Be3 Ng6 14. Rc1 b6 15. Nc3 Bb7 16. Rf2 Nf4 17. Bf1 Rc8 18. Nb5 Ra8 19. Rd2 Qe7 20. c5 exd4 21. Bxf4 dxc5 22. Nd6 Nh5 23. Nf5 Qd7 24. Bg3 Nxg3 25. Nxg3 Rac8 26. Qb3 Bc6 27. Qb2 Red8 28. Nf5 g6 29. Ne3 Qe7 30. Ng4 h5 31. Nf2 b5 32. Rdd1 Qd6 33. Re1 c4 34. e5 Qc5 35. Nd3 Qe7 36. Nb4 Bb7 37. Na2 Bc6 38. Rcd1 d3 39. Nc3 Rb8 40. Qb4 Qc7 41. e6 Qd6 42. e7 Qd4+ 43. Kh1 Re8 44. Rxd3 Qb6 45. Rde3 a5 46. Qd6 b4 47. Bxc4 bxc3 48. Qxg6+ Kh8 49. Qf6+ Kh7 50. Qxf7+ Kh8 51. Qf6+ Kh7 52. Bd3+ Kg8 53. Qe6+ Kh8 54. Qh6+ Kg8 55. Bh7+ Kh8 56. Bg6+ 1-0